Super easy quiz? - Statistics

General Stats
  • This quiz has been taken 60 times
    55 since last reset
  • The average score is 4 of 10
Answer Stats
Question Answer % Correct
What colour is blood in veins? (humans) Red
80%
Which of these should you NOT do after being stung by a jellyfish? Urinate on the sting
58%
What is the most spoken language in the world by total number of speakers? English
52%
Did humans evolve from chimpanzees? No
42%
What colours are zebras? Black with white stripes
36%
What is the capital city of Morocco Rabat
36%
What colour is an aeroplanes blackbox? Orange
34%
Which of these are a real type of bear? Sloth Bear
32%
Which of the following is NOT considered an ape? Baboon
18%
Where does German chocolate cake originate from? USA
16%
No matching quizzes found
Score Distribution
Percent of People with Each Score
Percentile by Number Answered
Your Score History
You have not taken this quiz since the last reset